| 000 | 00565nam a22001937a 4500 | ||
|---|---|---|---|
| 003 | OSt | ||
| 005 | 20180116183047.0 | ||
| 008 | 160721b xxu||||| |||| 00| 0 eng d | ||
| 020 | _a9780749466275 | ||
| 040 | _c0 | ||
| 082 | _a658.7 RUS 2014 | ||
| 100 | _aAlan Rushton | ||
| 245 |
_aThe Handbook Of Logistics and Distribution Management _bUnderstanding The Supply Chain _cAlan Rushton |
||
| 250 | _a5th edition | ||
| 260 |
_aUk _bKogan page _c2014 |
||
| 300 |
_a689 p. _bPB |
||
| 440 | _aThe Handbook Of Logistics and Distribution Management | ||
| 942 |
_2ddc _cBK |
||
| 999 |
_c351460 _d351460 |
||